[Event "34th Oberwart Open A"]
[Site "Oberwart AUT"]
[Date "2012.07.09"]
[Round "3.20"]
[White "Sadilek,P"]
[Black "Hofbauer,P"]
[Result "1/2-1/2"]
[WhiteElo "2257"]
[BlackElo "2047"]

1.d4 d5 2.c4 e6 3.Nf3 Nf6 4.g3 Be7 5.Bg2 O-O 6.O-O Nbd7 7.Qc2 dxc4 8.Nbd2 Nb6
9.Nxc4 Nxc4 10.Qxc4 c6 11.b3 Nd7 12.Bb2 Bf6 13.e4 Re8 14.Rfd1 Qa5 15.Qc2 Qh5
16.Nd2 e5 17.d5 cxd5 18.exd5 Nb6 19.Ne4 Bg4 20.Rd2 Bf3 21.d6 Bxg2 22.Kxg2 Red8
23.Nxf6+ gxf6 24.Qe4 Rd7 25.f4 exf4 26.Bxf6 fxg3 27.hxg3 Qg6 28.Qf4 Re8 29.Rd4 Re2+
30.Kf3 Re6 31.Be7 Qc2 32.Qg5+ Rg6 33.Rc1 Qxa2 34.Qb5 Qh2 35.Rg4 Qd2 36.Rxg6+ hxg6
37.Rc8+ Nxc8 38.Qxd7 Qd3+ 39.Kf2 Qd2+ 40.Kf3 Qd3+ 41.Kf2  1/2-1/2

[Event "32nd Benasque Open"]
[Site "Benasque ESP"]
[Date "2012.07.10"]
[Round "6.5"]
[White "Burmakin,V"]
[Black "Anton Guijarro,D"]
[Result "1/2-1/2"]
[WhiteElo "2590"]
[BlackElo "2490"]

1.Nf3 d5 2.d4 Nf6 3.c4 e6 4.g3 Be7 5.Bg2 O-O 6.O-O dxc4 7.Qc2 b5 8.a4 b4
9.Nbd2 Bb7 10.Nxc4 Be4 11.Qb3 Bd5 12.Be3 Nc6 13.Qd3 Be4 14.Qd1 Nd5 15.Ncd2 Bg6
16.Rc1 Qe8 17.Nb3 Rd8 18.Bf4 Bf6 19.Qe1 a5 20.Ne5 Nxd4 21.Nxd4 Nxf4 22.Bc6 Qe7
23.Ndf3 Nh3+ 24.Kg2 Ng5 25.Nxg6 hxg6 26.Nxg5 Bxg5 27.Rc4 Rd6 28.Be4 Rfd8
29.Bd3 c5 30.h4 Bf6 31.Qc1 Rd5 32.b3 Bc3 33.Qe3 f5 34.f4 e5 35.fxe5 Rxe5
36.Qg5 Qxg5 37.hxg5 Kf7 38.g4 Ke6 39.Rcf4 Rd4 40.gxf5+ gxf5 41.Bxf5+ Ke7
42.Rxd4 Bxd4 43.Bd3 Rxg5+ 44.Kf3 Rh5 45.Kg4 Re5 46.Rh1 Rd5  1/2-1/2

[Event "ch-MNE 2012"]
[Site "Cetinje MNE"]
[Date "2012.07.10"]
[Round "4.3"]
[White "Blagojevic,Dr"]
[Black "Djukic,Ni"]
[Result "1/2-1/2"]
[WhiteElo "2510"]
[BlackElo "2515"]

1.d4 Nf6 2.c4 e6 3.g3 d5 4.Nf3 Be7 5.Bg2 O-O 6.O-O dxc4 7.Ne5 Nc6 8.Nxc6 bxc6
9.e3 Nd5 10.Qa4 Rb8 11.Rd1 Nb6 12.Qc2 Qe8 13.Nd2 c5 14.dxc5 Bxc5 15.Nxc4 Nxc4
16.Qxc4 Qb5 17.Qxb5 Rxb5 18.b3 Bd6 19.Bd2 Bb7 20.Bxb7 Rxb7 21.Rac1 Ba3 22.Rc2 Rd8
23.Kf1 c5 24.Ke2 Rbd7 25.Rb1 Bb4 26.Bxb4 cxb4 27.Rbc1 Kf8 28.Rc8 Rd2+ 29.Ke1 Rd1+
30.Rxd1  1/2-1/2

[Event "34th Oberwart Open A"]
[Site "Oberwart AUT"]
[Date "2012.07.10"]
[Round "4.18"]
[White "Neumeier,K"]
[Black "Odor,I"]
[Result "1-0"]
[WhiteElo "2248"]
[BlackElo "2103"]

1.d4 d5 2.c4 e6 3.Nf3 Nf6 4.g3 Be7 5.Bg2 O-O 6.O-O dxc4 7.Qc2 a6 8.Qxc4 b5
9.Qc2 Bb7 10.Bd2 Be4 11.Qc1 Qc8 12.Bg5 Nbd7 13.Qf4 c5 14.Rc1 c4 15.b3 Qb7
16.bxc4 bxc4 17.Nbd2 Ba3 18.Rxc4 Qb2 19.Re1 Bd5 20.Rc7 Qb6 21.Nc4 Qb4 22.Nxa3 Qxa3
23.e4 Bxa2 24.Qd2 Rab8 25.e5 Rb2 26.Qc1 Ne4 27.Rxd7 Nxf2 28.Be7 Qb3 29.Bxf8 Rc2
30.Qg5  1-0

[Event "35th Barbera Open A"]
[Site "Barbera del Valles ESP"]
[Date "2012.07.11"]
[Round "8.28"]
[White "Mamedjarova,Z"]
[Black "Shatko,D"]
[Result "1/2-1/2"]
[WhiteElo "2307"]
[BlackElo "2143"]

1.d4 Nf6 2.c4 e6 3.Nf3 d5 4.g3 Be7 5.Bg2 dxc4 6.Qa4+ Bd7 7.Qxc4 Bc6 8.O-O O-O
9.Re1 Nbd7 10.Qc2 Be4 11.Qd1 c5 12.Nc3 Bc6 13.e4 Nb6 14.Bf4 Rc8 15.Qb3 cxd4
16.Rad1 Bc5 17.Nb5 Qe7 18.Nxa7 Ba4 19.Nxc8 Rxc8 20.Qd3 Bxd1 21.Rxd1 Nbd7
22.Bh3 Ra8 23.e5 Nd5 24.Bg5 Qe8 25.a3 h6 26.Bd2 Bb6 27.Re1 Qb8 28.Qe4 Ra4
29.Bxh6 gxh6 30.Bxe6 fxe6 31.Qg6+ Kf8 32.Qxe6 Qc7 33.Qxh6+ Ke8 34.e6 N7f6
35.e7 Qxe7 36.Rxe7+ Kxe7 37.g4 d3 38.Qg7+ Kd6 39.Qf8+ Kc7 40.g5 Rg4+ 41.Kf1 Rf4
42.Qf7+ Kd6 43.Qf8+ Kc7 44.Qf7+ Kd6 45.Qf8+  1/2-1/2

[Event "35th Barbera Open A"]
[Site "Barbera del Valles ESP"]
[Date "2012.07.11"]
[Round "8.8"]
[White "Aloma Vidal,R"]
[Black "Arizmendi Martinez,J"]
[Result "1/2-1/2"]
[WhiteElo "2400"]
[BlackElo "2559"]

1.d4 d5 2.c4 e6 3.Nf3 Nf6 4.g3 Be7 5.Bg2 O-O 6.O-O c6 7.Nbd2 b6 8.b3 Bb7
9.Bb2 Nbd7 10.Qc2 Rc8 11.Rad1 Qc7 12.e4 Nxe4 13.Nxe4 dxe4 14.Qxe4 c5 15.Qe2 Nf6
16.Rfe1 cxd4 17.Nxd4 Bxg2 18.Kxg2 Bb4 19.Rf1 Rfd8 20.Nb5 Qe7 21.a3 a6 22.axb4 axb5
23.Rxd8+ Rxd8 24.Rd1 Rxd1 25.Qxd1 Nd7 26.Qd4 f6 27.Qe4 Qd6 28.Qb7 Kf7 29.c5 bxc5
30.bxc5 Qd5+ 31.Qxd5 exd5 32.c6 Nb6 33.Kf3 Ke7 34.Ba3+ Kd8 35.Bf8 g6 36.Bd6 Nc8
37.Bf4 Ne7 38.c7+ Kd7 39.g4 Nc6 40.Ke3 g5 41.Bd6 Na5 42.Kd4 Nxb3+ 43.Kxd5 Nd2
44.h3 Nc4 45.c8=Q+ Kxc8 46.Be7 Ne5 47.Bxf6 Nd3 48.Bxg5 Nxf2 49.Be3 Nxh3 50.Kc5 Kd7
51.Kxb5 Ke6  1/2-1/2

[Event "6th Varna Open"]
[Site "Varna BUL"]
[Date "2012.07.11"]
[Round "1.17"]
[White "Sofranov,V"]
[Black "Iliyazova,Arzu"]
[Result "1-0"]
[WhiteElo "2210"]
[BlackElo "1510"]

1.d4 d5 2.c4 e6 3.Nf3 Nf6 4.g3 Be7 5.Bg2 O-O 6.O-O c5 7.cxd5 exd5 8.Nc3 Be6
9.dxc5 Bxc5 10.Bg5 Be7 11.Nd4 h6 12.Bf4 a6 13.Qb3 Qd7 14.Nxe6 fxe6 15.e4 dxe4
16.Bh3 Kh8 17.Bxe6 Qc6 18.Rac1 Bd8 19.Na4 Qb5 20.Rc8 Qxb3 21.Bxb3 Be7 22.Rxf8+ Bxf8
23.Nb6  1-0

[Event "35th Barbera Open A"]
[Site "Barbera del Valles ESP"]
[Date "2012.07.12"]
[Round "9.32"]
[White "Sos Andreu,E"]
[Black "Bas Mas,J"]
[Result "1-0"]
[WhiteElo "2185"]
[BlackElo "2214"]

1.Nf3 Nf6 2.c4 e6 3.g3 d5 4.d4 Be7 5.Bg2 O-O 6.O-O dxc4 7.Qc2 a6 8.Qxc4 b5
9.Qc2 Bb7 10.Bf4 Nc6 11.Rd1 Nb4 12.Qc1 Nbd5 13.Nbd2 Nxf4 14.gxf4 Bd6 15.Nb3 Qe7
16.Ne5 Bxg2 17.Kxg2 Nd5 18.e3 Qh4 19.Nd2 Bxe5 20.dxe5 f6 21.h3 fxe5 22.Nf3 Qh6
23.Nxe5 Rf5 24.Qc6 Raf8 25.Rd4 Qf6 26.Re4 Qe7 27.Rd1 g5 28.Ng4 gxf4 29.Rxd5  1-0

[Event "Werner-Ott-Open 2012"]
[Site "Berlin GER"]
[Date "2012.07.12"]
[Round "6.1"]
[White "Bjarnehag,P"]
[Black "Stern,R"]
[Result "0-1"]
[WhiteElo "2177"]
[BlackElo "2517"]

1.Nf3 Nf6 2.c4 e6 3.g3 d5 4.d4 Be7 5.Bg2 O-O 6.O-O dxc4 7.Qc2 b5 8.a4 b4
9.Bg5 Ba6 10.Nbd2 b3 11.Qc1 Nc6 12.Nxc4 Rc8 13.Rd1 Nb4 14.Bxf6 Bxf6 15.Qc3 Nc2
16.Rac1 c5 17.Qxb3 Nxd4 18.Qd3 Qc7 19.Nxd4 cxd4 20.b3 Qb8 21.e3 Rfd8 22.exd4 Bxd4
23.Qf3 Bxc4 24.Rxc4 Rxc4 25.bxc4 Qb4 26.Bf1 g6 27.Rc1 Qb2 28.Re1 Bb6 29.Be2 Qc2
30.a5 Bxa5 31.Rd1 Rxd1+ 32.Bxd1 Qxc4 33.Kg2 Bb6 34.Qe2 Qc3 35.h4 Qd4 36.Ba4 a5
37.Bb5 Kg7 38.Qf3 e5 39.h5 gxh5 40.Bc6 Qg4 41.Qd5 Bd4 42.f3 Qg6 43.Be8 h4
44.g4 h5 45.Bd7 Qc2+  0-1

[Event "5th Int ch-Central Serbia 2012"]
[Site "Paracin SRB"]
[Date "2012.07.12"]
[Round "8.5"]
[White "Ulibin,M"]
[Black "Martinovic,Sl"]
[Result "1-0"]
[WhiteElo "2531"]
[BlackElo "2447"]

1.d4 Nf6 2.c4 e6 3.g3 d5 4.Bg2 Be7 5.Nf3 O-O 6.O-O dxc4 7.Nc3 c5 8.dxc5 Bxc5
9.Qxd8 Rxd8 10.Ne5 h6 11.Bf4 g5 12.Be3 Bxe3 13.fxe3 Kg7 14.Rad1 Rxd1 15.Rxd1 Nbd7
16.Nxc4 Kf8 17.Nb5 Ke7 18.Ncd6 a6 19.Na7 Nb6 20.Naxc8+ Nxc8 21.Bxb7 Nxd6
22.Bxa8 Nc4 23.Rc1 Nxb2 24.Rc7+ Kf8 25.Ra7 Ng4 26.Rxa6 Nxe3 27.a4 Nbc4 28.a5 Ke7
29.Ra7+ Kd6 30.a6 Nb6 31.Bh1 f5 32.Rb7 Nec4 33.a7 e5 34.Rb8  1-0

[Event "34th Oberwart Open A"]
[Site "Oberwart AUT"]
[Date "2012.07.13"]
[Round "7.26"]
[White "Recklingloh,F"]
[Black "Proyer,E"]
[Result "0-1"]
[WhiteElo "2188"]
[BlackElo "1849"]

1.Nf3 Nf6 2.c4 e6 3.g3 d5 4.d4 Be7 5.Bg2 O-O 6.O-O dxc4 7.Qc2 a6 8.Qxc4 b5
9.Qc2 Bb7 10.Nc3 Nbd7 11.Rd1 Nb6 12.a3 Nbd5 13.Ne5 Qc8 14.Ne4 Nxe4 15.Bxe4 f5
16.Bg2 c5 17.e4 Nb6 18.d5 exd5 19.exd5 Bd6 20.f4 Nd7 21.Re1 Re8 22.Qxf5 Nxe5
23.Qxc8 Raxc8 24.fxe5 Bxe5 25.Re2 Bd4+ 26.Kf1 Rxe2 27.Kxe2 h6 28.Kd3 Rd8
29.Bf4 Bxb2 30.Ra2 Bf6 31.Bc7 Rd7 32.d6 Bxg2 33.Rxg2 Be5 34.Bb6 Rxd6+ 35.Ke4 Rxb6
36.Kxe5 Kf7 37.Kd5 c4 38.Re2 Rf6 39.Kc5 Re6 40.Rb2 Re3 41.a4 Rb3 42.Rd2 c3
43.Rd7+ Ke8 44.Rc7 c2 45.Kb6 Rb2 46.a5 b4 47.Kxa6 b3  0-1

[Event "6th Varna Open"]
[Site "Varna BUL"]
[Date "2012.07.13"]
[Round "3.12"]
[White "Spassov,L"]
[Black "Sotirov,Ilia"]
[Result "1-0"]
[WhiteElo "2334"]
[BlackElo "1802"]

1.d4 d5 2.c4 e6 3.Nf3 Nf6 4.g3 Be7 5.Bg2 O-O 6.O-O b6 7.cxd5 exd5 8.Nc3 Bb7
9.Ne5 Nbd7 10.Qa4 Nxe5 11.dxe5 Ne8 12.Rd1 c6 13.e4 b5 14.Qd4 b4 15.exd5 c5
16.Qd3 bxc3 17.bxc3 Qd7 18.Rb1 Bd8 19.Rxb7 Qxb7 20.d6 Qb8 21.Qd5 Nc7 22.dxc7 Bxc7
23.Qxa8 Qxa8 24.Bxa8 Rxa8 25.Rd5 Bb6 26.c4 Kf8 27.Be3 Rc8 28.f4 Ke7 29.Kf2 Rc6
30.f5 h6 31.Kf3 a5 32.a4 Ba7 33.Ke4 f6 34.e6  1-0

[Event "Int Open ch-SVK 2012"]
[Site "Banska Stiavnica SVK"]
[Date "2012.07.14"]
[Round "8.11"]
[White "Cernousek,L"]
[Black "Talla,V"]
[Result "1-0"]
[WhiteElo "2428"]
[BlackElo "2388"]

1.d4 d5 2.c4 e6 3.Nf3 Nf6 4.g3 Be7 5.Bg2 O-O 6.O-O dxc4 7.Qa4 a6 8.Qxc4 b5
9.Qc2 Bb7 10.Bd2 Be4 11.Qc1 Nc6 12.Be3 Na5 13.Nbd2 Bd5 14.Qc3 b4 15.Qd3 Qb8
16.Rfc1 Rc8 17.Bg5 h6 18.Bxf6 Bxf6 19.Ne4 Qb5 20.Nxf6+ gxf6 21.Qd2 Kg7 22.Rc5 Qb6
23.Nh4 Bxg2 24.Nxg2 Nb7 25.Rh5 Rh8 26.Rc1 Rad8 27.Rc4 c5 28.d5 f5 29.Ne3 Nd6
30.Rch4 Ne4 31.Qc1 c4 32.Rxh6 Rxh6 33.Rxh6 Rxd5 34.Rh4 c3 35.Nxd5 exd5 36.Rf4 Qc5
37.bxc3 bxc3 38.Qc2 d4 39.g4 Nd6 40.gxf5 Kf6 41.Rf3 Nc4 42.Rd3 Nb2 43.Rh3 Qc4
44.Rh6+ Ke5 45.Rh4 Kf6 46.Re4 Qd5 47.e3  1-0

[Event "FSFMB July 2012"]
[Site "Budapest HUN"]
[Date "2012.07.14"]
[Round "8.5"]
[White "Schmidt,Wolfgang"]
[Black "Bakos,Viktor"]
[Result "0-1"]
[WhiteElo "1444"]
[BlackElo "1435"]

1.d4 d5 2.Nf3 Nf6 3.c4 e6 4.g3 Be7 5.Bg2 O-O 6.O-O Nbd7 7.cxd5 exd5 8.Nc3 c6
9.Qc2 Re8 10.Ng5 h6 11.Nf3 Bd6 12.Nh4 Nb6 13.e4 dxe4 14.Nxe4 Be6 15.Nxd6 Qxd6
16.Nf5 Bxf5 17.Qxf5 Qxd4 18.Qc2 Rad8 19.Be3 Qd3 20.Rac1 Qxc2 21.Rxc2 Ng4
22.Bc5 Ne5 23.Re2 Ned7 24.Be3 Ne5 25.b3 Ng4 26.Rfe1 Nxe3 27.fxe3 Re7 28.e4 Rde8
29.e5 Nd7 30.e6 Rxe6 31.Rxe6 Rxe6 32.Rxe6 fxe6 33.a4 Nc5 34.Bh3 Kf7 35.b4 Nxa4
36.Bg2 Nc3 37.Kf2 Nd5  0-1

[Event "16th Battle of Senta Open A"]
[Site "Senta SRB"]
[Date "2012.07.14"]
[Round "1.1"]
[White "Gleizerov,E"]
[Black "Pletl,A"]
[Result "1-0"]
[WhiteElo "2565"]
[BlackElo "2251"]

1.d4 d5 2.c4 e6 3.Nf3 Nf6 4.g3 Be7 5.Bg2 O-O 6.O-O b6 7.cxd5 exd5 8.Nc3 Bb7
9.Qc2 c5 10.Rd1 c4 11.Ne5 Nc6 12.Bg5 Nb4 13.Qb1 Rc8 14.a3 Na6 15.Qf5 g6 16.Qc2 Re8
17.h4 Ne4 18.Nxe4 dxe4 19.Bf4 f5 20.g4 Bxh4 21.gxf5 Bxf2+ 22.Kf1 Qh4 23.e3 Bg3
24.Bxg3 Qxg3 25.Qf2 Qxf2+ 26.Kxf2 Rf8 27.Bh3 c3 28.b4 Bd5 29.Rg1 Be6 30.Nxg6 hxg6
31.Rxg6+ Kf7 32.Rxe6 c2 33.Rc1 Rc3 34.Bg2 Rfc8 35.Bxe4 Rxa3 36.Bd5 Kf8 37.Rg6 Nxb4
38.Rg8+ Ke7 39.Rxc8 Nd3+ 40.Kf3 Nxc1 41.Rxc2 Nd3 42.Rc6 Nb4 43.f6+ Kd7 44.Be6+ Kxc6
45.f7 Nc2 46.d5+  1-0

[Event "TCh-CHN 2012"]
[Site "Tianjin CHN"]
[Date "2012.07.14"]
[Round "10"]
[White "Li Chao2"]
[Black "Liu,Chang"]
[Result "1/2-1/2"]
[WhiteElo "2703"]
[BlackElo "2262"]

1.d4 Nf6 2.c4 e6 3.g3 d5 4.Bg2 Be7 5.Nf3 O-O 6.O-O c6 7.Nc3 Nbd7 8.Qd3 b6
9.e4 dxe4 10.Nxe4 Nxe4 11.Qxe4 Bb7 12.Rd1 Rc8 13.Be3 Qc7 14.Bf4 Bd6 15.Bxd6 Qxd6
16.c5 Qc7 17.b4 a5 18.a3 Rfd8 19.Ne5 bxc5 20.Nxd7 Qxd7 21.bxc5 Ba6 22.Qc2 Qc7
23.Rab1 Rb8 24.Rxb8 Rxb8 25.Rb1 Rxb1+ 26.Qxb1 Bb5 27.f4 g6 28.Kf2 Kf8 29.Ke3 Ke7
30.Qe4 f5 31.Qc2 Kf7 32.Qb3 Ke7 33.Bf3 Kd7 34.Qc3 Qd8 35.Kf2 Ba6 36.Qb2 Bb5
37.Bd1 Bc4 38.Qb7+ Qc7 39.Qb2 Kc8 40.Qc3 Bd5 41.Be2 Kb8 42.Qd2 Kc8 43.Ba6+ Kb8
44.Qe1 Ka7 45.Bd3 Kb8 46.Ke3 Kc8 47.Ba6+ Kb8 48.h3 Ka7 49.Bd3 h6 50.Qd2 Kb8
51.Kf2 Qb7 52.Ke3 Qc7 53.Be2 Kc8 54.Kf2 Kb8 55.Ba6 Ka7 56.Bd3 Kb8 57.Ba6 Ka7
58.Be2 Kb8 59.h4 Kc8 60.Ba6+ Kb8 61.Qe1 Ka7 62.Be2 Kb7 63.Qb1+ Ka7 64.h5 gxh5
65.Bxh5 Ka8 66.Be2 Qg7 67.Qb2 Qc7 68.Kg1 h5 69.Bxh5 Qh7 70.Qe2 Qh8 71.Qd1 Qg7
72.Kf2 Qb7 73.Qd2 Kb8 74.Be2 Qh7 75.Qb2+ Ka8 76.Qc3 Kb8 77.Ke3 Qh1 78.Kd2 Qg1
79.Bd1 Qf2+ 80.Kc1 Kc8 81.Qd3 Kd7 82.a4 Be4 83.Qc3 Bd5 84.Bc2 Qg1+ 85.Kb2 Qf2
86.Qxa5 Be4 87.Qc3 Bxc2 88.Qxc2 Qxg3 89.Qd2 Qf3 90.a5 Kc8 91.Qe1 Qd5 92.Qb4 Qg2+
93.Ka3 Qf1 94.Qd2 Qb1 95.Qe3 Kd7 96.Qc3 Kc7 97.Qd2 Kc8 98.Qe3 Kd7 99.Qc3 Kc7
100.Qb2 Qxb2+ 101.Kxb2 Kb7 102.Kc3 Ka6 103.Kb4 Kb7  1/2-1/2

[Event "Turkish Bank Chess League 2012"]
[Site "Konya TUR"]
[Date "2012.07.15"]
[Round "5"]
[White "Can,E"]
[Black "Metin,M"]
[Result "1-0"]
[WhiteElo "2469"]
[BlackElo "2189"]

1.d4 d5 2.Nf3 Nf6 3.c4 e6 4.g3 Be7 5.Bg2 O-O 6.O-O dxc4 7.Qa4 a6 8.Qxc4 b5
9.Qc2 Bb7 10.Bd2 Be4 11.Qc1 Ra7 12.Bg5 Nbd7 13.Nbd2 Ba8 14.Nb3 h6 15.Bxf6 Bxf6
16.Rd1 Bd5 17.Nfd2 Bxg2 18.Kxg2 Qa8+ 19.Nf3 e5 20.d5 Be7 21.Qc6 Rd8 22.Na5 Bd6
23.Nh4 Nb8 24.Qxa8 Rxa8 25.Nf5 Bb4 26.Nb7 Rd7 27.Rac1 Ra7 28.Nc5 Bxc5 29.Rxc5 Kh7
30.e4 c6 31.d6 f6 32.Ne7 a5 33.f4 exf4 34.gxf4 Rxe7 35.dxe7 Rxe7 36.Rd8 Rb7
37.a3 a4 38.Kf3 b4 39.Ra5 bxa3 40.bxa3 Kg6 41.h4 Nd7 42.h5+ Kf7 43.Rxa4 Ke7
44.Rg8 Kf7 45.Rga8 Rb3+ 46.Kg4  1-0

[Event "34th Oberwart Open A"]
[Site "Oberwart AUT"]
[Date "2012.07.15"]
[Round "9.31"]
[White "Koller,Hans-Juergen"]
[Black "Sepetavc,W"]
[Result "1-0"]
[WhiteElo "2078"]
[BlackElo "2010"]

1.d4 d5 2.c4 e6 3.Nf3 Nf6 4.g3 Be7 5.Bg2 O-O 6.O-O b6 7.cxd5 exd5 8.Nc3 Bb7
9.Bf4 Nh5 10.Bd2 Nf6 11.Rc1 Na6 12.Ne5 c5 13.e3 Ne4 14.Nxe4 dxe4 15.Bc3 f6
16.Nd3 c4 17.Nf4 Nc7 18.Qc2 g5 19.Ne2 f5 20.g4 fxg4 21.Bxe4 Bxe4 22.Qxe4 Qd7
23.Ng3 Rae8 24.Qb7 Bd6 25.Qg2 Rf3 26.Rfe1 Qf7 27.e4 Bf4 28.Rc2 h5 29.d5 h4
30.Nf5 Qh5 31.Bd2 Bxd2 32.Rxd2 Rxf5 33.d6 Rf7 34.dxc7 Rxc7 35.e5 Rce7 36.Rde2 h3
37.Qe4 b5 38.Qc6 a6 39.Qxa6 g3 40.fxg3 Re6 41.Qxb5 Qg4 42.Qd5 Kg7 43.Qe4 Qh5
44.Qxc4 g4 45.a4 R8e7 46.b4 Kh6 47.b5 Qg6 48.a5 Kh5 49.Qe4 Qe8 50.b6 Qb5
51.Qf5+ Kh6 52.Qxg4 Qc5+ 53.Kh1 Qd5+ 54.Qe4 Qxa5 55.b7 Qa7 56.Rb1 Qb8 57.Qh4+ Kg7
58.Qg5+ Kh7 59.Re4 Rg7 60.Qf5+ Reg6 61.Rh4+  1-0

[Event "5th Paleochora Open"]
[Site "Paleochora GRE"]
[Date "2012.07.16"]
[Round "1.25"]
[White "Neelotpal,D"]
[Black "Kalogridakis,Theodoros"]
[Result "1-0"]
[WhiteElo "2456"]
[BlackElo "1709"]

1.d4 d5 2.Nf3 Nf6 3.c4 e6 4.g3 Be7 5.Bg2 O-O 6.O-O dxc4 7.Qc2 a6 8.a4 Bd7
9.Qxc4 Bc6 10.Bg5 a5 11.Nc3 Na6 12.Rfd1 Nb4 13.Rac1 Rc8 14.Bxf6 Bxf6 15.e4 b6
16.h4 g6 17.Qe2 Qe7 18.Qe3 Rfd8 19.Bh3 Rb8 20.Nb5 Bg7 21.b3 Bxb5 22.axb5 Rd6
23.h5 Rbd8 24.hxg6 hxg6 25.Bf1 R6d7 26.Kg2 Qf8 27.g4 Qe7 28.Be2 Qd6 29.g5 Kf8
30.Rc4 Ke7 31.Rdc1 Rc8 32.Rd1 Rcd8 33.Rcc1 Rh8 34.d5 exd5 35.e5 Qe6 36.Nd4 Qxe5
37.Bg4 Qxe3 38.fxe3 Bxd4 39.exd4 Rd6 40.Rxc7+ Kf8 41.Rf1 Rh7 42.Rf6 Rd8 43.Be6 Kg8
44.Bxf7+ Kh8 45.Rxg6 Nc2 46.Rxb6 Nxd4 47.g6 Rg7 48.Rd6 Rdg8 49.Rc3 Rxf7 50.Rh3+ Kg7
51.Rh7+ Kf8 52.Rxf7+ Ke8 53.Rb7 Nf5 54.Re6+ Kd8 55.Rb8+ Kd7 56.Rxg8 Kxe6
57.b6 Nd6 58.g7 Kf7 59.Rd8  1-0

[Event "Sparkassen Open A"]
[Site "Dortmund GER"]
[Date "2012.07.17"]
[Round "4.31"]
[White "Schmidt,Kai"]
[Black "Simon,Th"]
[Result "1/2-1/2"]
[WhiteElo "2051"]
[BlackElo "1950"]

1.d4 Nf6 2.c4 e6 3.g3 d5 4.Bg2 Be7 5.Nf3 O-O 6.O-O c6 7.Qc2 Nbd7 8.Nbd2 b6
9.e4 Ba6 10.b3 Rc8 11.Rd1 Qc7 12.Bb2 Bb7 13.Rac1 Qb8 14.Qb1 Rfd8 15.Ne5 Nxe5
16.dxe5 Nxe4 17.Nxe4 dxe4 18.Qxe4 Rxd1+ 19.Rxd1 Rd8 20.Rd4 Rxd4 21.Qxd4 c5
22.Qd7 Bxg2 23.Kxg2 Qa8+ 24.f3 Qd8 25.Qxd8+ Bxd8 26.Kf2 g6 27.a3 Be7 28.Ke3 Kf8
29.Ke4 Ke8 30.Bc1 Kd7 31.Bd2 Kc6 32.h4 h5 33.Bh6 a6 34.a4 b5 35.axb5+ axb5
36.Bg7 bxc4 37.bxc4 Kb6 38.Bf6 Bf8 39.Bd8+ Kc6 40.g4 Kd7 41.Bg5 Bg7 42.gxh5 gxh5
43.f4 Kc6 44.f5 Kb6 45.Be3 Bf8 46.Bd2 Ka6 47.f6 Kb6 48.Kd3 Ka6 49.Kc2 Kb6
50.Kb3 Ka6 51.Ka4 Kb6 52.Ba5+ Kc6 53.Bd2 Kb6 54.Ba5+  1/2-1/2

[Event "ch-MNE 2012"]
[Site "Cetinje MNE"]
[Date "2012.07.18"]
[Round "11.5"]
[White "Blagojevic,Dr"]
[Black "Drasko,M"]
[Result "1/2-1/2"]
[WhiteElo "2510"]
[BlackElo "2481"]

1.Nf3 Nf6 2.c4 e6 3.g3 d5 4.d4 Be7 5.Bg2 O-O 6.Nc3 dxc4 7.Ne5 Nc6 8.Bxc6 bxc6
9.Nxc6 Qe8 10.Nxe7+ Qxe7 11.Qa4 c5 12.Qxc4 cxd4 13.Qxd4 e5 14.Qh4 Rb8 15.Bg5 Rxb2
16.Nd5 Rxe2+ 17.Kxe2 Ba6+ 18.Ke1 Qa3 19.Nxf6+ gxf6 20.Qg4 fxg5 21.Qxg5+ Kh8
22.Qf6+ Kg8 23.Qg5+ Kh8  1/2-1/2

[Event "Sparkassen Open A"]
[Site "Dortmund GER"]
[Date "2012.07.18"]
[Round "5.28"]
[White "Eckardt,Joshua"]
[Black "Grahl,Matthias"]
[Result "1-0"]
[WhiteElo "2057"]
[BlackElo "1851"]

1.d4 d5 2.c4 e6 3.Nf3 Nf6 4.g3 Be7 5.Bg2 O-O 6.O-O c6 7.Qc2 b6 8.Nbd2 Bb7
9.e4 dxe4 10.Nxe4 c5 11.Nxf6+ gxf6 12.Ng5 fxg5 13.Bxb7 Nd7 14.Bxa8 Qxa8 15.d5 Ne5
16.f4 gxf4 17.Bxf4 Ng6 18.Bh6 exd5 19.Bxf8 Qxf8 20.cxd5 Qg7 21.Rad1 Bf6 22.Qf5 Bd4+
23.Kh1 Ne7 24.Qd7 Qe5 25.Qe8+ Kg7 26.Rxf7+ Kh6 27.Rxe7  1-0

[Event "Corporation Centre Cup A"]
[Site "Izhevsk RUS"]
[Date "2012.07.18"]
[Round "4.5"]
[White "Ponkratov,P"]
[Black "Ovetchkin,R"]
[Result "1/2-1/2"]
[WhiteElo "2589"]
[BlackElo "2501"]

1.Nf3 d5 2.d4 Nf6 3.c4 e6 4.g3 Be7 5.Bg2 O-O 6.O-O dxc4 7.Qc2 a6 8.a4 Bd7
9.Rd1 Bc6 10.Bg5 Nbd7 11.Qxc4 a5 12.Nc3 h6 13.Bf4 Bb4 14.Qd3 Nb6 15.Qc2 Qe7
16.Nb5 Rfc8 17.Rdc1 Be4 18.Qd1 Nfd5 19.Bd2 Bxd2 20.Nxd2 Bxg2 21.Kxg2 c6 22.Na3 e5
23.dxe5 Rd8 24.Qe1 Qxe5 25.Nac4 Nxc4 26.Nxc4 Qh5 27.Ra3 Re8 28.e4 Qg6 29.f3 f5
30.e5 Rad8 31.Kh1 Nb4 32.Qe2 f4 33.gxf4 Nd5 34.Rg1 Qf7 35.Qd2 Qxf4 36.Qxf4 Nxf4
37.Rb3 Rd4 38.Rxb7 Rxc4 39.Rgxg7+ Kh8 40.Rh7+ Kg8 41.Rhg7+  1/2-1/2

[Event "Corporation Centre Cup A"]
[Site "Izhevsk RUS"]
[Date "2012.07.18"]
[Round "4.13"]
[White "Maletin,P"]
[Black "Ogloblin,N"]
[Result "1-0"]
[WhiteElo "2596"]
[BlackElo "2353"]

1.d4 Nf6 2.c4 e6 3.g3 d5 4.Nf3 Be7 5.Bg2 O-O 6.O-O dxc4 7.Qc2 a6 8.a4 Bd7
9.Bg5 Bc6 10.Rd1 Nbd7 11.Nbd2 h6 12.Bxf6 Nxf6 13.Nxc4 a5 14.Nfe5 Bxg2 15.Kxg2 Nd5
16.Qe4 Qe8 17.Rdc1 Bd6 18.Nd3 Ra6 19.Qf3 b5 20.Ne3 Nxe3+ 21.Qxe3 bxa4 22.Rc4 a3
23.bxa3 Qb5 24.Qc1 Qd5+ 25.Kg1 Rb8 26.Qc2 Rab6 27.a4 h5 28.Re1 Qe4 29.d5 Qxd5
30.e4 Qa8 31.e5 Bf8 32.Qe2 Rb1 33.Rcc1 Rxc1 34.Rxc1 h4 35.gxh4 Qd5 36.Nf4 Qd4
37.Rc4 Qa1+ 38.Kg2 Rb4 39.Rxb4 axb4 40.Qb5 c6 41.Qxc6 Qxe5 42.Nd3 Qd4 43.Qb5 Qg4+
44.Kf1 Qd1+ 45.Kg2 Qe2 46.h3 g6 47.a5 e5 48.Qd5 Qd2 49.a6 Bc5 50.Qa8+ Bf8
51.a7 Qxd3 52.Qf3 Qd4 53.a8=Q Qxh4 54.Qad5 Qe7 55.Qg3  1-0

[Event "11th Condom IM 2012"]
[Site "Condom FRA"]
[Date "2012.07.19"]
[Round "7.5"]
[White "Ider,B"]
[Black "Villegas,P"]
[Result "1-0"]
[WhiteElo "2371"]
[BlackElo "2274"]

1.d4 d5 2.Nf3 Nf6 3.c4 e6 4.g3 Be7 5.Bg2 O-O 6.O-O dxc4 7.Qc2 a6 8.a4 Bd7
9.Rd1 Bc6 10.Nc3 Bxf3 11.Bxf3 Nc6 12.Bxc6 bxc6 13.a5 Qb8 14.Qa4 Qb3 15.Qxc6 Bb4
16.Bd2 Rad8 17.Be1 Rd6 18.Qxc7 Rfd8 19.Qb7 R8d7 20.Qf3 e5 21.e3 exd4 22.exd4 h6
23.Qf4 Rd8 24.Kg2 Nd5 25.Nxd5 Rxd5 26.Bxb4 Qxb4 27.Rac1 Qxa5 28.Rxc4 R5d7
29.Qe4 Qb5 30.Rc2 Qb3 31.Rcd2 Rd5 32.Qf3 Qb6 33.Qe4 Qb4 34.Qf4 Qb7 35.Kg1 Qe7
36.Rd3 Qd7 37.Re3 Qa4 38.b3 Qd7 39.Re5 Rxe5 40.Qxe5 Qd5 41.Qxd5 Rxd5 42.Kf1 Kf8
43.Ke2 Rb5 44.Rb1 Ke7 45.Kd3 Kd6 46.Kc4 Rh5 47.Ra1 a5 48.h4 Rf5 49.Ra2 g5
50.hxg5 hxg5 51.Re2 f6 52.f4 gxf4 53.gxf4 Rxf4 54.Re8 Rf1 55.Rd8+ Kc7 56.Ra8 Ra1
57.Kd5 Ra3 58.Kc4 Ra1 59.Kc5 Rb1 60.Ra7+ Kc8 61.d5 Rxb3 62.Kc6 Rc3+ 63.Kd6 f5
64.Rxa5 f4 65.Ra8+ Kb7 66.Rf8 f3 67.Ke6 Re3+ 68.Kd7 Rd3 69.d6 Kb6 70.Rf5 Re3
71.Kd8 Kc6 72.d7 Kd6 73.Rf6+ Ke5 74.Ke7 Rd3 75.Rxf3  1-0

[Event "ch-SUI Hauptturnier 1 2012"]
[Site "Flims SUI"]
[Date "2012.07.20"]
[Round "9"]
[White "Gantner,M"]
[Black "Huss,A"]
[Result "1/2-1/2"]
[WhiteElo "2297"]
[BlackElo "2319"]

1.d4 e6 2.c4 Nf6 3.g3 d5 4.Nf3 Be7 5.Bg2 c6 6.Qc2 O-O 7.O-O b6 8.Nbd2 Bb7
9.e4 Nbd7 10.e5 Ne8 11.cxd5 cxd5 12.Re1 Qc7 13.Qb3 a5 14.Bf1 Ba6 15.Bxa6 Rxa6
16.Nf1 a4 17.Qd3 Qc4 18.Qd1 Nc7 19.Ne3 Qc6 20.Re2 Rc8 21.Rc2 Qb7 22.Ng4 b5
23.Bg5 Bxg5 24.Nxg5 h6 25.Nh3 Ne8 26.Rxc8 Qxc8 27.Nf4 Rc6 28.Ne3 Nc7 29.Kg2 Qa8
30.h4 b4 31.Qg4 Nxe5 32.dxe5 d4 33.Nh5 g6 34.Nf6+ Kg7 35.Nh5+ Kg8 36.Nf6+ Kg7
37.Nh5+ Kf8 38.Qf4 gxh5 39.Qxh6+ Ke7 40.Qf6+ Ke8 41.Qh8+ Ke7 42.Qf6+ Ke8
43.Qh8+  1/2-1/2

[Event "5th Paleochora Open"]
[Site "Paleochora GRE"]
[Date "2012.07.20"]
[Round "6.19"]
[White "Skembris,S"]
[Black "Sandalakis,N"]
[Result "1-0"]
[WhiteElo "2460"]
[BlackElo "1948"]

1.c4 e6 2.Nf3 Nf6 3.g3 d5 4.d4 Be7 5.Bg2 O-O 6.O-O dxc4 7.Qc2 a6 8.a4 Bd7
9.Bg5 Bc6 10.Qxc4 h6 11.Bxf6 Bxf6 12.Nc3 Bxf3 13.Bxf3 c6 14.Rfd1 a5 15.b4 axb4
16.Qxb4 Qa5 17.Qxb7 Ra7 18.Qb3 Rd7 19.e3 c5 20.Ne4 cxd4 21.Nxf6+ gxf6 22.Rxd4 Rxd4
23.exd4 Nd7 24.Bc6 Rb8 25.Qf3 Nf8 26.d5 Kg7 27.Rd1 Rd8 28.Qg4+ Kh7 29.h4 Qc5
30.Qd4 Qxd4 31.Rxd4 Ng6 32.d6 Ne5 33.Bg2  1-0

[Event "11th Condom Open A"]
[Site "Condom FRA"]
[Date "2012.07.21"]
[Round "9.10"]
[White "Ouerk,Y"]
[Black "Forestie,P"]
[Result "1-0"]
[WhiteElo "2177"]
[BlackElo "2140"]

1.d4 d5 2.c4 e6 3.Nf3 Be7 4.g3 Nf6 5.Bg2 O-O 6.Qc2 c6 7.O-O Nbd7 8.Rd1 a6
9.b3 Re8 10.Nbd2 b6 11.e4 dxe4 12.Nxe4 Nxe4 13.Qxe4 Bb7 14.Qc2 Rc8 15.Bf4 Bf6
16.Rac1 Nf8 17.c5 b5 18.h4 Ng6 19.Bg5 Rc7 20.Bxf6 Qxf6 21.Ng5 Bc8 22.Nxh7 Kxh7
23.h5 Qg5 24.hxg6+ Qxg6 25.Qe2 Qf6 26.Qe5 Ree7 27.f4 Kg8 28.Kf2 Red7 29.b4 Qd8
30.Bf3 Bb7 31.Rd2 Qf6 32.Qxf6 gxf6 33.Ke3 Rd8 34.Rh1 Rcd7 35.Rdh2 Kf8 36.Rh8+ Ke7
37.Rxd8 Rxd8 38.Rh7 f5 39.Bh5 Rf8 40.a3 Bc8 41.g4 fxg4 42.Bxg4 Bd7 43.Bh5 Kf6
44.Kf2 Be8 45.Bf3 Rg8 46.Rh6+ Kg7 47.Rh1 Kf6 48.Ra1 Kf5 49.Ke3 Rg3 50.Rh1 Rg8
51.Rh6 Rg1 52.Rh8 Ra1 53.Be4+ Kf6 54.Rxe8 Rxa3+ 55.Bd3 Rb3 56.Ra8  1-0